[Event "Ceske Budejovice op-A"]
[Site "Ceske Budejovice"]
[Date "2022.07.03"]
[Round "3"]
[White "Abdulla, Khayala Mardan Qizi"]
[Black "Zilavy, Jan"]
[Result "1-0"]
[WhiteElo "2207"]
[BlackElo "2090"]
[PlyCount "47"]
[EventDate "2022.07.01"]
[EventType "swiss"]
[EventRounds "9"]
[EventCountry "CZE"]
[SourceTitle "CBM 209 Extra"]
[Source "ChessBase"]
[SourceDate "2022.09.30"]
[SourceVersion "1"]
[SourceVersionDate "2022.09.30"]
[SourceQuality "1"]

1. d4 Nf6 2. Nf3 g6 3. Nc3 Bg7 4. e4 d6 5. Be2 0-0 6. 0-0 c5 7. d5 e6 8. dxe6 Bxe6 9. Bg5 Qb6 10. Qd2 Na6 11. Rfd1 Rad8 12. Qf4 Nh5 13. Bxd8 Rxd8 14. Qd2 Qxb2 15. e5 Ra8 16. Rab1 Qa3 17. Nb5 Qa4 18. Nxd6 b6 19. Bb5 Qa3 20. Nc4 Bxc4 21. Bxc4 Nb4 22. c3 b5 23. Bxf7+ Kxf7 24. cxb4 1-0

[Event "CZE-chT2A 1819"]
[Site "Czech Republic"]
[Date "2019.02.24"]
[Round "9.7"]
[White "Zilavy, Jan"]
[Black "Kopriva, Martin"]
[Result "1-0"]
[WhiteElo "2077"]
[BlackElo "2059"]
[PlyCount "47"]
[EventDate "2018.10.14"]
[EventType "team-tourn"]
[EventRounds "11"]
[EventCountry "CZE"]
[SourceTitle "EXT 2022"]
[Source "ChessBase"]
[SourceDate "2021.10.06"]
[SourceVersion "1"]
[SourceVersionDate "2021.10.06"]
[SourceQuality "1"]
[WhiteTeam "Tabor"]
[BlackTeam "Klatovy"]
[WhiteTeamCountry "CZE"]
[BlackTeamCountry "CZE"]

1. e4 g6 2. d4 Bg7 3. Nc3 d6 4. Bg5 c6 5. Nf3 Qc7 6. Qd2 b5 7. Bd3 a6 8. 0-0-0 Nd7 9. Rhe1 e5 10. Bf1 f6 11. Be3 Bb7 12. dxe5 dxe5 13. g3 Rd8 14. Bh3 Ne7 15. Bh6 Bxh6 16. Qxh6 Kf7 17. Rd3 Nb6 18. Ng5+ fxg5 19. Rf3+ Nf5 20. exf5 Qd6 21. Ne4 Qd5 22. fxg6+ Ke7 23. Qg7+ Ke8 24. Nf6# 1-0

[Event "CZE-chT2C 1718"]
[Site "Czech Republic"]
[Date "2018.01.14"]
[Round "6.8"]
[White "Zilavy, Jan"]
[Black "Otruba, Marek"]
[Result "1-0"]
[WhiteElo "2025"]
[BlackElo "1933"]
[PlyCount "79"]
[EventDate "2017.10.15"]
[EventType "team-tourn"]
[EventRounds "11"]
[EventCountry "CZE"]
[SourceTitle "EXT 2022"]
[Source "ChessBase"]
[SourceDate "2021.10.06"]
[SourceVersion "1"]
[SourceVersionDate "2021.10.06"]
[SourceQuality "1"]
[WhiteTeam "Tabor"]
[BlackTeam "Ricany"]
[WhiteTeamCountry "CZE"]
[BlackTeamCountry "CZE"]

1. e4 c5 2. Nf3 d6 3. d4 cxd4 4. Nxd4 Nf6 5. Nc3 a6 6. Be3 e5 7. Nb3 Be7 8. f3 Be6 9. Nd5 Bxd5 10. exd5 Nbd7 11. c4 Nb6 12. Nd2 0-0 13. Bd3 Nh5 14. Qb3 Nd7 15. Qxb7 f5 16. 0-0-0 Rb8 17. Qc6 e4 18. Be2 Qa5 19. Bd4 Qxa2 20. Qxd7 Bf6 21. Bxf6 Nxf6 22. Qe6+ Kh8 23. b3 Rfe8 24. Qxf5 Re5 25. Qf4 e3 26. Bd3 Qa3+ 27. Kc2 exd2 28. Rb1 Qb4 29. Qxd2 Qc5 30. b4 Qd4 31. Rhe1 Rxe1 32. Rxe1 a5 33. b5 a4 34. Qe3 Qh4 35. h3 Qg3 36. Re2 Ra8 37. b6 Rb8 38. b7 Qh4 39. Qa7 Nd7 40. Qxb8+ 1-0

[Event "CZE-chT2C 1617"]
[Site "Czech Republic"]
[Date "2016.11.27"]
[Round "4.6"]
[White "Zilavy, Jan"]
[Black "Husarik, Branko"]
[Result "1-0"]
[WhiteElo "2030"]
[BlackElo "2091"]
[PlyCount "93"]
[EventDate "2016.10.09"]
[EventType "team-tourn"]
[EventRounds "11"]
[EventCountry "CZE"]
[SourceTitle "EXT 2022"]
[Source "ChessBase"]
[SourceDate "2021.10.06"]
[SourceVersion "1"]
[SourceVersionDate "2021.10.06"]
[SourceQuality "1"]
[WhiteTeam "Tabor"]
[BlackTeam "Lysa nad Labem III"]
[WhiteTeamCountry "CZE"]
[BlackTeamCountry "CZE"]

1. e4 Nc6 2. Nf3 e5 3. d4 exd4 4. Nxd4 Bc5 5. Be3 Qf6 6. c3 Nge7 7. Be2 d5 8. 0-0 dxe4 9. Nb5 Bd6 10. Nd2 Bf5 11. Nc4 Rd8 12. Ncxd6+ cxd6 13. Nc7+ Kf8 14. Nd5 Qe5 15. Nxe7 Qxe7 16. Qa4 g6 17. Rfd1 Kg7 18. b4 a6 19. b5 axb5 20. Qxb5 Rd7 21. a4 Rc8 22. a5 Kg8 23. c4 Ne5 24. Bf4 Nd3 25. Bxd3 exd3 26. Rac1 Qe4 27. Bd2 Rc5 28. Qb4 Qg4 29. h3 Qh4 30. Re1 Be6 31. f4 Rdc7 32. Kh2 Qd8 33. Re4 d5 34. cxd5 Rxc1 35. dxe6 R1c2 36. e7 Qe8 37. Be3 Rd7 38. Qa4 Rc6 39. a6 Rxe7 40. Rxe7 Qxe7 41. a7 Qxe3 42. a8Q+ Kg7 43. Qa1+ Rf6 44. Qb8 Qb6 45. Qaa8 Rf5 46. Qh8+ Kh6 47. Qaf8+ 1-0

[Event "Tatry op"]
[Site "Tatranske Zruby"]
[Date "2016.09.28"]
[Round "6"]
[White "Zilavy, Jan"]
[Black "Vojtek, Vladimir"]
[Result "1/2-1/2"]
[WhiteElo "1980"]
[BlackElo "2237"]
[PlyCount "151"]
[EventDate "2016.09.24"]
[EventType "swiss"]
[EventRounds "9"]
[EventCountry "SVK"]
[SourceTitle "CBM 174 Extra"]
[Source "ChessBase"]
[SourceDate "2016.10.10"]
[SourceVersion "1"]
[SourceVersionDate "2016.10.10"]
[SourceQuality "1"]

1. e4 e6 2. d4 d5 3. e5 c5 4. c3 Nc6 5. Nf3 Bd7 6. Be2 Qb6 7. 0-0 f6 8. Re1 fxe5 9. dxe5 Nh6 10. Ng5 0-0-0 11. c4 Nxe5 12. cxd5 exd5 13. Qxd5 Nc6 14. Na3 Nd4 15. Nc4 Qc7 16. Bd3 Bb5 17. Qe4 Re8 18. Qxe8+ Bxe8 19. Rxe8+ Kd7 20. Re4 Bd6 21. Nxd6 Qxd6 22. Bf4 Qf6 23. Rd1 Kc6 24. b4 Nhf5 25. Re5 b6 26. Bxf5 Rd8 27. Rde1 Ne2+ 28. Kf1 Nxf4 29. Nh3 Qh6 30. R5e4 g5 31. Nxf4 Qxh2 32. Nh3 Rd2 33. R4e2 Rd4 34. bxc5 bxc5 35. Re6+ Kd5 36. Ra6 c4 37. Rxa7 Kc5 38. a3 c3 39. Rc1 Qd6 40. Rd7 Qa6+ 41. Kg1 Rxd7 42. Bxd7 Qxa3 43. Rc2 Qb4 44. Bf5 h6 45. f3 Kd4 46. Nf2 h5 47. Nd1 Ke5 48. g4 Qd4+ 49. Nf2 Qe3 50. Kg2 h4 51. Ne4 h3+ 52. Kxh3 Qxf3+ 53. Kh2 Qf1 54. Rxc3 Kf4 55. Rc2 Ke3 56. Rf2 Qe1 57. Kg2 Qa1 58. Nxg5 Kd4 59. Ne4 Ke5 60. g5 Qa7 61. Kg3 Qa1 62. g6 Qg1+ 63. Kh4 Qh1+ 64. Kg5 Qh8 65. Rc2 Qd8+ 66. Kh6 Qh8+ 67. Kg5 Qd8+ 68. Kh6 Kxf5 69. Rf2+ Kxe4 70. g7 Qh4+ 71. Kg6 Qg3+ 72. Kh7 Qh4+ 73. Kg6 Qxf2 74. g8Q Qg3+ 75. Kf7 Qxg8+ 76. Kxg8 1/2-1/2

[Event "Klatovy op 22nd"]
[Site "Klatovy"]
[Date "2016.07.06"]
[Round "5"]
[White "Zilavy, Jan"]
[Black "Miesbauer, Jan"]
[Result "1-0"]
[WhiteElo "2030"]
[BlackElo "2321"]
[PlyCount "55"]
[EventDate "2016.07.02"]
[EventType "swiss"]
[EventRounds "9"]
[EventCountry "CZE"]
[SourceTitle "CBM 173 Extra"]
[Source "ChessBase"]
[SourceDate "2016.08.29"]
[SourceVersion "1"]
[SourceVersionDate "2016.08.29"]
[SourceQuality "1"]

1. e4 c5 2. Nf3 d6 3. d4 cxd4 4. Nxd4 Nf6 5. Nc3 Nc6 6. Bc4 e6 7. Be3 a6 8. Qe2 Be7 9. 0-0-0 Qc7 10. Bb3 0-0 11. Rhg1 b5 12. g4 b4 13. Qc4 bxc3 14. Nxc6 cxb2+ 15. Kxb2 Bb7 16. Nxe7+ Qxe7 17. e5 Ne4 18. exd6 Qf6+ 19. Qd4 Rfd8 20. Qxf6 gxf6 21. d7 Bc6 22. h4 a5 23. f3 a4 24. fxe4 axb3 25. axb3 Rxd7 26. Rxd7 Bxd7 27. Bh6 Rb8 28. c4 1-0

[Event "CZE-chT2C 1516"]
[Site "Czech Republic"]
[Date "2016.02.07"]
[Round "7.7"]
[White "Zilavy, Jan"]
[Black "Kolar, Pavel"]
[Result "0-1"]
[WhiteElo "2051"]
[BlackElo "2221"]
[PlyCount "62"]
[EventDate "2015.10.18"]
[EventType "team-tourn"]
[EventRounds "11"]
[EventCountry "CZE"]
[SourceTitle "EXT 2022"]
[Source "ChessBase"]
[SourceDate "2021.10.06"]
[SourceVersion "1"]
[SourceVersionDate "2021.10.06"]
[SourceQuality "1"]
[WhiteTeam "Tabor"]
[BlackTeam "Lysa nad Labem III"]
[WhiteTeamCountry "CZE"]
[BlackTeamCountry "CZE"]

1. e4 e6 2. d4 d5 3. Nd2 dxe4 4. Nxe4 Nf6 5. Nxf6+ Qxf6 6. Nf3 h6 7. Bd3 c5 8. 0-0 Nc6 9. Be3 Be7 10. Re1 0-0 11. c3 b6 12. Be4 Bb7 13. Ne5 cxd4 14. Ng4 Qh4 15. g3 Qh3 16. Bg2 Qxg2+ 17. Kxg2 dxe3 18. Nxe3 Ne5+ 19. Kf1 Rad8 20. Qh5 Bf6 21. Ng4 Ba6+ 22. Kg2 Bb7+ 23. Kh3 Bf3 24. Nxf6+ gxf6 25. Qxh6 Ng4 26. Qf4 Nxf2+ 27. Kh4 Kg7 28. g4 Rd3 29. Re3 Rxe3 30. Qxe3 Ne4 31. Qxf3 Rh8# 0-1

[Event "Kouty nad Desnou op-A"]
[Site "Kouty nad Desnou"]
[Date "2015.03.09"]
[Round "3"]
[White "Hrdina, Robin"]
[Black "Zilavy, Jan"]
[Result "1-0"]
[WhiteElo "2106"]
[BlackElo "1934"]
[PlyCount "53"]
[EventDate "2015.03.07"]
[EventType "swiss"]
[EventRounds "9"]
[EventCountry "CZE"]
[SourceTitle "EXT 2017"]
[Source "ChessBase"]
[SourceDate "2016.10.25"]
[SourceVersion "1"]
[SourceVersionDate "2016.10.25"]
[SourceQuality "1"]

1. e4 d6 2. d4 Nf6 3. Nc3 c6 4. f3 g6 5. Be3 Bg7 6. g4 b5 7. h4 h5 8. g5 Nfd7 9. f4 Nb6 10. Bh3 Nc4 11. Bc1 Nd7 12. b3 Ncb6 13. Bb2 b4 14. Nce2 c5 15. Qd3 Bb7 16. 0-0-0 0-0 17. f5 a5 18. Nf4 cxd4 19. fxg6 Nc5 20. Qe2 Bxe4 21. gxf7+ Rxf7 22. Ne6 Nxe6 23. Bxe6 Bxh1 24. Qxh5 Qf8 25. g6 Bh6+ 26. Kb1 Kh8 27. gxf7 1-0

[Event "Kouty nad Desnou op-A"]
[Site "Kouty nad Desnou"]
[Date "2015.03.07"]
[Round "1"]
[White "Ludvik, Tomas"]
[Black "Zilavy, Jan"]
[Result "0-1"]
[WhiteElo "1632"]
[BlackElo "1934"]
[PlyCount "86"]
[EventDate "2015.03.07"]
[EventType "swiss"]
[EventRounds "9"]
[EventCountry "CZE"]
[SourceTitle "EXT 2017"]
[Source "ChessBase"]
[SourceDate "2016.10.25"]
[SourceVersion "1"]
[SourceVersionDate "2016.10.25"]
[SourceQuality "1"]

1. d4 c6 2. c4 d5 3. Nf3 Nf6 4. Nc3 e6 5. e3 Nbd7 6. Bd3 dxc4 7. Bxc4 b5 8. Bd3 a6 9. e4 Be7 10. e5 Nd5 11. Nxd5 exd5 12. 0-0 c5 13. dxc5 Nxc5 14. Nd4 Nxd3 15. Qxd3 Qc7 16. Re1 Qc4 17. Rd1 Qxd3 18. Rxd3 Bb7 19. Be3 Rc8 20. Rc1 Kd7 21. Rdc3 Rxc3 22. Rxc3 Rc8 23. Rxc8 Bxc8 24. Nb3 f6 25. exf6 Bxf6 26. Bd4 Bxd4 27. Nxd4 Kd6 28. b4 Ke5 29. Nc6+ Ke4 30. Kf1 Kd3 31. Ke1 d4 32. Kd1 Bb7 33. Ne5+ Kc3 34. f3 Kxb4 35. Nd3+ Ka3 36. Nc5 Bc8 37. Nb3 Kxa2 38. Nxd4 b4 39. Kc2 a5 40. g4 a4 41. Nc6 b3+ 42. Kc3 Be6 43. Nb4+ Kb1 0-1

[Event "CZE-ch U20 sf"]
[Site "Frydek Mistek"]
[Date "2014.11.19"]
[Round "5"]
[White "Zilavy, Jan"]
[Black "Gregor, Jiri1111"]
[Result "1/2-1/2"]
[WhiteElo "1931"]
[BlackElo "1687"]
[PlyCount "35"]
[EventDate "2014.11.16"]
[EventType "swiss"]
[EventRounds "9"]
[EventCountry "CZE"]
[SourceTitle "CBM 163 Extra"]
[Source "ChessBase"]
[SourceDate "2014.12.23"]
[SourceVersion "1"]
[SourceVersionDate "2014.12.23"]
[SourceQuality "1"]

1. e4 e5 2. Nc3 Nc6 3. Bc4 Nf6 4. d3 Bb4 5. Bg5 h6 6. Bh4 0-0 7. Nge2 Be7 8. Bg3 d6 9. 0-0 Na5 10. Bb3 Nxb3 11. axb3 Nh5 12. Nd5 Nxg3 13. Nxe7+ Qxe7 14. Nxg3 f5 15. exf5 Bxf5 16. Nxf5 Rxf5 17. Ra4 a6 18. Qd2 1/2-1/2

[Event "CZE-ch U20 sf"]
[Site "Frydek Mistek"]
[Date "2014.11.16"]
[Round "1"]
[White "Zilavy, Jan"]
[Black "Rubes, Jan"]
[Result "0-1"]
[WhiteElo "1931"]
[BlackElo "2206"]
[PlyCount "38"]
[EventDate "2014.11.16"]
[EventType "swiss"]
[EventRounds "9"]
[EventCountry "CZE"]
[SourceTitle "CBM 163 Extra"]
[Source "ChessBase"]
[SourceDate "2014.12.23"]
[SourceVersion "1"]
[SourceVersionDate "2014.12.23"]
[SourceQuality "1"]

1. e4 c5 2. Nf3 d6 3. d4 cxd4 4. Nxd4 Nf6 5. Nc3 a6 6. Bc4 e6 7. 0-0 Be7 8. Re1 Qc7 9. Bb3 Nc6 10. Be3 0-0 11. f4 b5 12. Bf2 Bb7 13. f5 Nxd4 14. Bxd4 b4 15. Bxf6 Bxf6 16. Na4 exf5 17. exf5 Bc6 18. Rb1 Rae8 19. Qd2 Qa5 0-1

[Event "CZE-chTB U20 1314"]
[Site "Czech Republic"]
[Date "2014.04.27"]
[Round "11.2"]
[White "Pilch, David"]
[Black "Zilavy, Jan"]
[Result "1-0"]
[WhiteElo "1783"]
[BlackElo "1810"]
[PlyCount "49"]
[EventDate "2013.10.12"]
[EventType "team-tourn"]
[EventRounds "11"]
[EventCountry "CZE"]
[SourceTitle "EXT 2015"]
[Source "ChessBase"]
[SourceDate "2014.11.20"]
[SourceVersion "1"]
[SourceVersionDate "2014.11.20"]
[SourceQuality "1"]
[WhiteTeam "Orlova Slavia (U20) II"]
[BlackTeam "Tabor (U20)"]
[WhiteTeamCountry "CZE"]
[BlackTeamCountry "CZE"]

1. d4 e6 2. c4 Nf6 3. Nc3 Bb4 4. Bg5 c6 5. Bxf6 Qxf6 6. e3 0-0 7. Nf3 Na6 8. Bd3 Nc7 9. 0-0 d5 10. Qc2 h6 11. Rac1 Bxc3 12. bxc3 dxc4 13. Bxc4 Rd8 14. Bd3 Bd7 15. c4 b6 16. Be4 a5 17. Ne5 Ra6 18. Nxd7 Rxd7 19. Bxc6 Rd6 20. Bf3 Rd8 21. Rb1 Rb8 22. Rb3 Qd8 23. Rfb1 Qd7 24. Qb2 f6 25. Be2 1-0

[Event "Kouty nad Desnou op-A"]
[Site "Kouty nad Desnou"]
[Date "2014.03.11"]
[Round "5"]
[White "Vojta, Tomas"]
[Black "Zilavy, Jan"]
[Result "1-0"]
[WhiteElo "2343"]
[BlackElo "1816"]
[PlyCount "57"]
[EventDate "2014.03.08"]
[EventType "swiss"]
[EventRounds "9"]
[EventCountry "CZE"]
[SourceTitle "EXT 2015"]
[Source "ChessBase"]
[SourceDate "2014.11.20"]
[SourceVersion "1"]
[SourceVersionDate "2014.11.20"]
[SourceQuality "1"]

1. e4 e6 2. d4 d5 3. e5 c5 4. Qg4 cxd4 5. Nf3 Nc6 6. Bd3 Nge7 7. 0-0 Ng6 8. Qg3 Bc5 9. h4 Qc7 10. Re1 h5 11. a3 Nce7 12. b4 Bb6 13. Bb2 Nf5 14. Bxf5 exf5 15. Nxd4 f4 16. Qd3 Nxh4 17. Nc3 Qd8 18. e6 a6 19. Re5 Bxe6 20. Nxe6 fxe6 21. Nxd5 Kf8 22. Nxb6 Qxb6 23. Qe4 Rh6 24. Qxf4+ Nf5 25. Qg5 Qc7 26. Rae1 Re8 27. Rxf5+ exf5 28. Bxg7+ Qxg7 29. Rxe8+ 1-0

[Event "Kouty nad Desnou op-A"]
[Site "Kouty nad Desnou"]
[Date "2014.03.10"]
[Round "3"]
[White "Dumkova, Daniela"]
[Black "Zilavy, Jan"]
[Result "0-1"]
[WhiteElo "1645"]
[BlackElo "1816"]
[PlyCount "90"]
[EventDate "2014.03.08"]
[EventType "swiss"]
[EventRounds "9"]
[EventCountry "CZE"]
[SourceTitle "EXT 2015"]
[Source "ChessBase"]
[SourceDate "2014.11.20"]
[SourceVersion "1"]
[SourceVersionDate "2014.11.20"]
[SourceQuality "1"]

1. e4 e6 2. d4 d5 3. exd5 exd5 4. Bd3 Bd6 5. Ne2 c6 6. Bf4 Nf6 7. c3 0-0 8. 0-0 Re8 9. Bxd6 Qxd6 10. Ng3 Nbd7 11. Nd2 Nf8 12. Qc2 Ng6 13. Nf5 Qc7 14. Nf3 Nf4 15. Ne5 Nxd3 16. Qxd3 Ne4 17. Ne3 f6 18. Nf3 Be6 19. Nd2 Bf7 20. f3 Nxd2 21. Qxd2 Qf4 22. Rae1 Bg6 23. g3 Qc7 24. Ng2 Rxe1 25. Rxe1 Re8 26. Nf4 Rxe1+ 27. Qxe1 Bf7 28. Qe3 Qd7 29. Kg2 g5 30. Nd3 Qe6 31. Qxe6 Bxe6 32. Kf2 Kf7 33. Ke3 Kg6 34. g4 h5 35. h3 b6 36. b4 Bc8 37. Nf2 Ba6 38. f4 Bf1 39. fxg5 Kxg5 40. Kf3 h4 41. a3 b5 42. Ke3 Bg2 43. Ke2 Kf4 44. Nd3+ Kg3 45. Nc5 Bxh3 0-1

[Event "Kouty nad Desnou op-A"]
[Site "Kouty nad Desnou"]
[Date "2014.03.08"]
[Round "1"]
[White "Moravec, Vit"]
[Black "Zilavy, Jan"]
[Result "1-0"]
[WhiteElo "2179"]
[BlackElo "1816"]
[PlyCount "47"]
[EventDate "2014.03.08"]
[EventType "swiss"]
[EventRounds "9"]
[EventCountry "CZE"]
[SourceTitle "EXT 2015"]
[Source "ChessBase"]
[SourceDate "2014.11.20"]
[SourceVersion "1"]
[SourceVersionDate "2014.11.20"]
[SourceQuality "1"]

1. e4 e6 2. Nf3 d5 3. e5 c5 4. b4 Bd7 5. bxc5 Bxc5 6. d4 Bb6 7. c3 Qc7 8. Bd3 Ne7 9. 0-0 a6 10. a4 Nbc6 11. Ba3 Na5 12. Ng5 h6 13. Nxf7 Kxf7 14. Qf3+ Nf5 15. g4 g6 16. gxf5 gxf5 17. Qh5+ Kg7 18. Kh1 Rhg8 19. Rg1+ Kh7 20. Qf7+ Kh8 21. Rxg8+ Rxg8 22. Be7 Bc6 23. Bf6+ Rg7 24. Bxg7+ 1-0

[Event "Czech Fed-ch U16"]
[Site "Hrdonov"]
[Date "2013.10.29"]
[Round "4"]
[White "Sadil, Jan"]
[Black "Zilavy, Jan"]
[Result "1/2-1/2"]
[WhiteElo "1663"]
[BlackElo "1809"]
[PlyCount "70"]
[EventDate "2013.10.26"]
[EventType "swiss"]
[EventRounds "9"]
[EventCountry "CZE"]
[SourceTitle "EXT 2016"]
[Source "ChessBase"]
[SourceDate "2015.10.08"]
[SourceVersion "1"]
[SourceVersionDate "2015.10.08"]
[SourceQuality "1"]

1. e4 e6 2. d4 d5 3. Nc3 Bb4 4. exd5 exd5 5. Bd3 Ne7 6. Qf3 c6 7. Nge2 0-0 8. 0-0 Ng6 9. Re1 Re8 10. Bd2 Nd7 11. Nf4 Ndf8 12. Rxe8 Qxe8 13. Re1 Qd8 14. Nh3 Bxh3 15. Qxh3 Ne6 16. Bf5 Nxd4 17. Bd7 Qh4 18. Qd3 Bd6 19. g3 Qf6 20. Kg2 Ne6 21. Qe2 Nc5 22. Bg4 Kf8 23. h4 h6 24. b4 Na6 25. a3 Nc7 26. f4 Re8 27. Qf2 Rxe1 28. Bxe1 b6 29. Qd2 Ne7 30. Bf3 Qe6 31. Bf2 c5 32. Ne2 d4 33. bxc5 bxc5 34. Qa5 Nc8 35. Nc1 Be7 1/2-1/2